000
00331nam a2200145Ia 4500
008
230718s9999 xx 000 0 und d
041
_a
Eng.
082
_a
640.07
_b
DUG-T
100
_a
Dugal, Haroon
245
0
_a
Trust Act (1882
260
_a
Pakistan
_b
Irfan low boocheer
_c
2003
300
_a
261
650
_a
Law
999
_c
26844
_d
26844